Mots finissant en oux au pluriel - Mort subite - Statistiques

Statistiques générales
  • Ce quiz a été pris 25 728 fois
  • Le résultat moyen est 5 sur 7
Answers on the Grid
Answers color-coded by a green-red scale on the quiz's grid according to % correct below.
Bisou
Clou
Ecrou
Mou
Bijou
Filou
Caillou
Sou
Trou
Milou
Acajou
Chou
Flou
Kangourou
Loulou
Manitou
Hibou
Pistou
Bidou
Toutou
Joujou
Tabou
Mérou
Fou
Pou
Spirou
Biniou
Bambou
Minou
Genou
 
Statistiques - réponses
Réponse % Correct
Bijou
74%
Caillou
74%
Chou
73%
Hibou
72%
Genou
70%
Pou
62%
Joujou
55%
Aucun quiz correspondant
Distribution des résultats
% des personnes avec chaque résultat
Percentile par nombre de réponses
Votre historique - résultats
Vous n’avez pas pris ce quiz